Malá encyklopédia public relations. 2 Predpoklady cieleného informovania verejnosti

Ciele public relations: informovať, presviedčať, zlepšovať vzťahy. Subjekty PR. Výber metódy práce. Cyklická činnosť znakom kvalitných PR.

Na minha lista:
Detalhes bibliográficos
Autor principal: Žáry, Ivan
Formato: Capítulo de Livro
Idioma:eslovaco
Assuntos:
Tags: Adicionar Tag
Sem tags, seja o primeiro a adicionar uma tag!

MARC

LEADER 00000naa a2200000 4500
001 r000474
005 20221213114546.6
041 0 |a slo 
044 |a SK 
245 1 0 |a Malá encyklopédia public relations. 2  |b Predpoklady cieleného informovania verejnosti  |c Ivan Žáry 
520 |a Ciele public relations: informovať, presviedčať, zlepšovať vzťahy. Subjekty PR. Výber metódy práce. Cyklická činnosť znakom kvalitných PR. 
610 2 0 |a práca s verejnosťou 
610 2 0 |a metodika 
610 2 0 |a metodológia 
100 1 |a Žáry, Ivan